[Event "Championnat de France - Open A"]
[Site "Chartres"]
[Date "2005.??.??"]
[Round "1.9"]
[White "Favre, Mathieu"]
[Black "Aurel, Luc"]
[Result "1/2-1/2"]
[WhiteElo "2040"]
[BlackElo "2167"]
[PlyCount "50"]
[EventDate "2005.??.??"]

1. e4 d6 2. d4 g6 3. Nf3 Bg7 4. Nc3 a6 5. Be3 b5 6. Bd3 Nd7 7. a4 b4 8. Ne2 c5
9. O-O cxd4 10. Bxd4 Ngf6 11. c3 bxc3 12. Bxc3 O-O 13. Ng3 Bb7 14. Re1 e5 15.
Qe2 d5 16. Rad1 d4 17. Bb4 Re8 18. Bc4 Bf8 19. Bd2 Nc5 20. Ng5 Ne6 21. Nxe6
fxe6 22. b4 Nd7 23. Qd3 Qf6 24. h4 Bg7 25. Rc1 h5 1/2-1/2

[Event "Championnat de France - Open A"]
[Site "Chartres"]
[Date "2005.??.??"]
[Round "1.10"]
[White "Broca, Alexandre"]
[Black "Marchadour, Emilie"]
[Result "0-1"]
[WhiteElo "2166"]
[BlackElo "2040"]
[PlyCount "102"]
[EventDate "2005.??.??"]

1. c4 e5 2. g3 Nf6 3. Bg2 d5 4. cxd5 Nxd5 5. Nf3 Nc6 6. O-O Be7 7. d4 exd4 8.
Nxd4 Ndb4 9. Nxc6 Nxc6 10. Bxc6+ bxc6 11. Qxd8+ Bxd8 12. Bd2 O-O 13. Rc1 Rb8
14. Bc3 Be7 15. Nd2 Rd8 16. Nc4 Be6 17. Na5 Bd5 18. e4 Bxe4 19. Re1 f5 20. Rxe4
fxe4 21. Nxc6 Bc5 22. Re1 Rf8 23. Rxe4 Rbe8 24. Rxe8 Rxe8 25. b4 Bb6 26. Kf1
Re6 27. Ne5 Rd6 28. Ke2 Bd4 29. Bxd4 Rxd4 30. Nd3 Kf7 31. Kd2 Ke6 32. Kc3 Kd5
33. Nf4+ Ke5 34. Nd3+ Kd5 35. Nf4+ Ke5 36. Nd3+ Ke4 37. Nc5+ Kd5 38. Ne6 Re4
39. Nxc7+ Kc6 40. Na6 Re2 41. a4 Rxf2 42. b5+ Kb6 43. Nb4 Rxh2 44. Kc4 Rg2 45.
Nc6 Rc2+ 46. Kd5 Rc5+ 47. Ke6 Rg5 48. a5+ Kxb5 49. Nxa7+ Kxa5 50. Nc6+ Kb6 51.
Nd4 Rxg3 0-1

[Event "Championnat de France - Open A"]
[Site "Chartres"]
[Date "2005.??.??"]
[Round "1.15"]
[White "Laurens, Julia"]
[Black "Depoorter, Enguerran"]
[Result "1-0"]
[WhiteElo "2034"]
[BlackElo "2154"]
[PlyCount "85"]
[EventDate "2005.??.??"]

1. d4 Nf6 2. c4 g6 3. Nc3 Bg7 4. e4 d6 5. Bd3 Nc6 6. Nge2 e5 7. d5 Ne7 8. O-O
O-O 9. Rb1 Nd7 10. b4 f5 11. exf5 gxf5 12. f4 e4 13. Bc2 Rf6 14. Be3 Rg6 15. c5
Nf6 16. Bb3 Kh8 17. Bd4 Neg8 18. Qd2 Ng4 19. Bxg7+ Rxg7 20. Nd1 Bd7 21. Nd4 Qh4
22. h3 N4h6 23. c6 bxc6 24. dxc6 Bxc6 25. Nxc6 Qxh3 26. Ne3 Rf8 27. Kf2 Ng4+
28. Nxg4 Qxg4 29. Ke3 Qg3+ 30. Kd4 Re8 31. Qe3 Qg6 32. Bxg8 Qf6+ 33. Kc4 Rexg8
34. Qd4 Qe6+ 35. Qd5 Qc8 36. b5 Qf8 37. Rb2 Qf6 38. Qd4 Qf7+ 39. Kb4 Re8 40.
Re1 Kg8 41. Re3 Rg4 42. g3 Re6 43. Qd5 1-0

[Event "Championnat de France - Open A"]
[Site "Chartres"]
[Date "2005.??.??"]
[Round "1.23"]
[White "Marchadour, Claire"]
[Black "Dube, Dimitri"]
[Result "1-0"]
[WhiteElo "2027"]
[BlackElo "2136"]
[PlyCount "87"]
[EventDate "2005.??.??"]

1. e4 Nc6 2. Nf3 e5 3. d4 exd4 4. Nxd4 Qh4 5. Nb5 Bc5 6. Qe2 Qd8 7. Qg4 Nf6 8.
Qxg7 Rg8 9. Nxc7+ Ke7 10. Nd5+ Nxd5 {#} 11. Bg5+ Kd6 12. Qh6+ Rg6 13. Qxg6+
hxg6 14. Bxd8 Ndb4 15. e5+ Ke6 16. Bc4+ Kf5 17. Bf6 Nxc2+ 18. Kd2 Nxa1 19. Nc3
Nxe5 20. Bxe5 Kxe5 21. Re1+ Kf5 22. Bd3+ Kg4 23. Re4+ Kh5 24. Re5+ Kh6 25. Rxc5
d6 26. Rc7 Be6 27. Kc1 Re8 28. Rxb7 a5 29. Bb5 Rc8 30. Kb1 d5 31. Bd7 Rc4 32.
Kxa1 d4 33. Bxe6 fxe6 34. Nb1 Rc2 35. Rf7 e5 36. b3 d3 37. Rd7 e4 38. f3 exf3
39. gxf3 Rxh2 40. Rxd3 Kg5 41. Nd2 Kf4 42. Kb2 g5 43. Rd4+ Ke5 44. Kc3 1-0

[Event "Championnat de France - Open A"]
[Site "Chartres"]
[Date "2005.??.??"]
[Round "1.38"]
[White "Choisy, Mathilde"]
[Black "Clement, Paul"]
[Result "1-0"]
[WhiteElo "2113"]
[BlackElo "2006"]
[PlyCount "51"]
[EventDate "2005.??.??"]

1. e4 e6 2. d4 d5 3. Nc3 Bb4 4. a3 Be7 5. e5 b6 6. Qg4 Bf8 7. h4 Qd7 8. h5 f5
9. exf6 Nxf6 10. Qf3 Ba6 11. Bxa6 Nxa6 12. Bg5 Qf7 13. Qe2 Nb8 14. Bxf6 gxf6
15. Nxd5 c6 16. Nf4 Kd7 17. Nf3 Bh6 18. Nd3 Kc7 19. Kf1 Nd7 20. c4 Rae8 21. c5
e5 22. cxb6+ axb6 23. dxe5 fxe5 24. Rh4 Rhg8 25. Qe4 Nf6 {#} 26. Qxc6+ 1-0

[Event "Championnat de France - Open B"]
[Site "Chartres"]
[Date "2005.08.16"]
[Round "1.1"]
[White "Deblay, Maxime"]
[Black "Bleuzen, Erwan"]
[Result "0-1"]
[WhiteElo "1800"]
[BlackElo "1994"]
[PlyCount "100"]
[EventDate "2005.??.??"]

1. d4 Nf6 2. c4 g6 3. Nf3 Bg7 4. e3 O-O 5. Nc3 d6 6. Be2 Nbd7 7. Qc2 e5 8. dxe5
Nxe5 9. Nxe5 dxe5 10. O-O c6 11. e4 Be6 12. Be3 Qe7 13. f3 Nh5 14. Rfd1 Nf4 15.
Bf1 f5 16. Qc1 Rfd8 17. Rxd8+ Qxd8 18. Qd2 Qxd2 19. Bxd2 Rd8 20. Be3 b6 21. a4
Nd3 22. b3 Nb4 23. Rc1 f4 24. Bf2 Rd2 25. Be1 Rb2 26. Rb1 Rxb1 27. Nxb1 Bf8 28.
Bf2 Nc2 29. Be2 Bb4 30. Bd1 Nd4 31. Kf1 Kf7 32. g3 Bh3+ 33. Kg1 g5 34. gxf4
gxf4 35. Bh4 Ne6 36. Kf2 Bc5+ 37. Ke2 Bg1 38. Bf2 Bxh2 39. Nd2 Nd4+ 40. Kd3 c5
41. b4 Ke6 42. bxc5 bxc5 43. Bh4 Bg2 44. Bg5 Bg3 45. Bh6 Bf2 46. Bf8 h5 47.
Bxc5 h4 48. Bxd4 Bxd4 49. Be2 h3 50. Bf1 Be3 0-1

[Event "Championnat de France - Open B"]
[Site "Chartres"]
[Date "2005.08.16"]
[Round "1.2"]
[White "Medghoul, Abdel"]
[Black "Druet, Roger"]
[Result "1-0"]
[WhiteElo "1994"]
[BlackElo "1800"]
[PlyCount "69"]
[EventDate "2005.??.??"]

1. d4 d6 2. c4 e5 3. d5 f5 4. Nc3 Nf6 5. g3 Be7 6. Bg2 a6 7. Qc2 Bd7 8. a4 O-O
9. Nh3 h6 10. b4 Nh7 11. f4 e4 12. Bb2 Bf6 13. Rd1 a5 14. b5 b6 15. e3 Be8 16.
Nf2 g6 17. Ne2 Bxb2 18. Qxb2 Qf6 19. Qxf6 Nxf6 20. Nd4 Bf7 21. g4 Nxg4 22. Nxg4
fxg4 23. Bxe4 Re8 24. Ne6 Bxe6 25. dxe6 Ra7 26. Rg1 Kg7 27. Bd5 h5 28. Kf2 Kf6
29. h3 gxh3 30. Rg5 c6 31. bxc6 Rc7 32. Rdg1 h2 33. Rxg6+ Ke7 34. Rh1 Nxc6 35.
Rxh2 1-0

[Event "Championnat de France - Open B"]
[Site "Chartres"]
[Date "2005.08.16"]
[Round "1.3"]
[White "Gaillard, Christian"]
[Black "Blot, David"]
[Result "1/2-1/2"]
[WhiteElo "1800"]
[BlackElo "1992"]
[PlyCount "40"]
[EventDate "2005.??.??"]

1. e4 d6 2. d4 Nf6 3. Nc3 g6 4. Be3 c6 5. f3 Nbd7 6. Qd2 Qa5 7. Nh3 a6 8. g4 b5
9. Nf4 e5 10. Nd3 exd4 11. Bxd4 b4 12. Nd1 c5 13. Be3 Ne5 14. Nxe5 dxe5 15. Bc4
Bb7 16. O-O Rd8 17. Qe2 Bg7 18. Nf2 O-O 19. a3 Rd6 20. Nd3 Rxd3 1/2-1/2

[Event "Championnat de France - Open B"]
[Site "Chartres"]
[Date "2005.08.16"]
[Round "1.4"]
[White "Deleva, Mathias"]
[Black "Gilles, Francois"]
[Result "1-0"]
[WhiteElo "1990"]
[BlackElo "1800"]
[PlyCount "43"]
[EventDate "2005.??.??"]

1. e4 Nf6 2. e5 Nd5 3. c4 Nb6 4. c5 Nd5 5. Bc4 e6 6. Nc3 c6 7. d4 b6 8. Ne4
bxc5 9. dxc5 Bxc5 10. Qg4 Bb4+ 11. Kf1 g6 12. Bxd5 h5 13. Qf4 Ba6+ 14. Ne2 Qb6
15. Bc4 Bxc4 16. Nf6+ Ke7 17. Qxc4 d5 18. Qh4 Kf8 19. a3 Be7 20. g3 Qc7 21. Qf4
Nd7 22. Qh6+ 1-0

[Event "Championnat de France - Open B"]
[Site "Chartres"]
[Date "2005.08.16"]
[Round "1.5"]
[White "Lefevre, Michel"]
[Black "Pokee, Anne"]
[Result "0-1"]
[WhiteElo "1800"]
[BlackElo "1990"]
[PlyCount "58"]
[EventDate "2005.??.??"]

1. e4 e5 2. Bc4 d6 3. c3 Nf6 4. d4 exd4 5. Qxd4 Nc6 6. Qd3 Ne5 7. Qe2 Qe7 8.
Bg5 Nxc4 9. Bxf6 Qe6 10. Bh4 Bd7 11. Nf3 Ne5 12. Nbd2 a6 13. Nxe5 dxe5 14. O-O
f6 15. Qh5+ g6 16. Qf3 Be7 17. b3 h5 18. h3 g5 19. Bg3 g4 20. hxg4 hxg4 21. Qd3
O-O-O 22. Qe3 Kb8 23. f3 Bb5 24. c4 b6 25. Bf2 g3 26. cxb5 gxf2+ 27. Rxf2 Bc5
28. Qe2 Qd7 29. bxa6 Qh7 0-1

[Event "Championnat de France - Open B"]
[Site "Chartres"]
[Date "2005.08.16"]
[Round "1.6"]
[White "Ferrier, David"]
[Black "Pouchon, Joffrey"]
[Result "1-0"]
[WhiteElo "1989"]
[BlackElo "1800"]
[PlyCount "63"]
[EventDate "2005.??.??"]

1. f4 d5 2. Nf3 c5 3. e3 Nc6 4. b3 Nf6 5. Bb2 Bf5 6. Bb5 Qb6 7. a4 a6 8. Bxc6+
bxc6 9. d3 c4 10. Bd4 c5 11. a5 Qb5 12. Nc3 Qc6 13. Bxf6 exf6 14. bxc4 dxc4 15.
e4 Bd7 16. dxc4 Be7 17. O-O O-O 18. Nd5 Rfe8 19. Qd3 Bf8 20. Rfb1 Rab8 21. e5
f5 22. Nh4 Be6 23. Nxf5 Qd7 24. Nfe3 Rxb1+ 25. Rxb1 Qa4 26. Nc7 Rc8 27. Nxe6
fxe6 28. f5 exf5 29. Qxf5 Re8 30. Rf1 h6 31. Qf7+ Kh7 32. Nd5 1-0

[Event "Championnat de France - Open B"]
[Site "Chartres"]
[Date "2005.08.16"]
[Round "1.7"]
[White "Abdi, Houcine"]
[Black "Levesque, Thomas"]
[Result "0-1"]
[WhiteElo "1792"]
[BlackElo "1989"]
[PlyCount "48"]
[EventDate "2005.??.??"]

1. e4 e6 2. d4 d5 3. e5 c5 4. c3 Nc6 5. Bb5 Qb6 6. Bxc6+ bxc6 7. Ne2 cxd4 8.
cxd4 Bb4+ 9. Nbc3 Ba6 10. Bd2 Ne7 11. a3 Bxc3 12. bxc3 Rb8 13. O-O O-O 14. Re1
Nf5 15. Nf4 c5 16. dxc5 Qxc5 17. Qg4 Kh8 18. Nh5 d4 19. cxd4 Qxd4 20. Bf4 Rb2
21. Rf1 Rxf2 22. Kh1 Bxf1 23. Rd1 Bxg2+ 24. Kg1 Rd2+ 0-1

[Event "Championnat de France - Open B"]
[Site "Chartres"]
[Date "2005.08.16"]
[Round "1.8"]
[White "Pantioukhine, Slava"]
[Black "Au-Quang, Tien"]
[Result "1-0"]
[WhiteElo "1989"]
[BlackElo "1790"]
[PlyCount "111"]
[EventDate "2005.??.??"]

1. d4 d5 2. Bg5 Nf6 3. Bxf6 exf6 4. e3 g6 5. Nd2 Bg7 6. g3 f5 7. Bg2 c6 8. Ne2
Nd7 9. O-O Nf6 10. c4 Be6 11. c5 O-O 12. b4 Qe7 13. a4 Ne4 14. Rb1 Bd7 15. Qc2
Rfb8 16. Rb2 a6 17. Rfb1 b5 18. cxb6 Rxb6 19. Nf4 Rab8 20. b5 axb5 21. axb5 Qd6
22. bxc6 Rxb2 23. Rxb2 Rxb2 24. Qxb2 Bxc6 25. Bf1 Bf8 26. Nf3 Qb4 27. Qxb4 Bxb4
28. Ne5 Bb7 29. Bb5 Be1 30. Nfd3 Bd2 31. Bc6 Bxc6 32. Nxc6 Kf8 33. Kf1 g5 34.
Ke2 Bc3 35. f3 Nf6 36. Kd1 g4 37. Kc2 gxf3 38. Kxc3 Ne4+ 39. Kb4 f2 40. Nxf2
Nxf2 41. Kc5 Ng4 42. Kxd5 Nxe3+ 43. Ke5 Kg7 44. h3 Kg6 45. d5 Kg5 46. Nd8 Kg6
47. d6 Nc4+ 48. Kd5 Nxd6 49. Kxd6 h5 50. Ke5 f6+ 51. Kf4 h4 52. Ne6 Kh5 53.
Ng7+ Kg6 54. Nxf5 hxg3 55. Nxg3 Kg7 56. Kf5 1-0

[Event "Championnat de France - Open B"]
[Site "Chartres"]
[Date "2005.08.16"]
[Round "1.9"]
[White "Guibouret, Gerard"]
[Black "Petitjean, Pierre"]
[Result "0-1"]
[WhiteElo "1790"]
[BlackElo "1985"]
[PlyCount "39"]
[EventDate "2005.??.??"]

1. d4 g6 2. e4 Bg7 3. f4 d5 4. e5 Nh6 5. Nf3 Bg4 6. Qd3 Nd7 7. Be2 O-O 8. O-O
c5 9. c3 Qb6 10. dxc5 Nxc5 11. Qb5 Nb3+ 12. Qxb6 axb6 13. Na3 Nxa1 14. Be3 Rxa3
15. bxa3 Nc2 16. Bxb6 Rc8 17. h3 Bxf3 18. Bxf3 e6 19. Rc1 Nxa3 20. Rb1 0-1

[Event "Championnat de France - Open B"]
[Site "Chartres"]
[Date "2005.08.16"]
[Round "1.10"]
[White "Tardif, Olivier"]
[Black "Richard, Peter"]
[Result "1-0"]
[WhiteElo "1985"]
[BlackElo "1790"]
[PlyCount "53"]
[EventDate "2005.??.??"]

1. e4 d6 2. d4 g6 3. Nc3 Bg7 4. Be3 a6 5. a4 Nd7 6. f3 Ngf6 7. g4 O-O 8. g5 Nh5
9. Nge2 e5 10. d5 c6 11. dxc6 Nb6 12. b3 bxc6 13. a5 Nd7 14. Qxd6 Nb8 15. Qd2
f5 16. Qxd8 Rxd8 17. Na4 Nd7 18. Rd1 Bb7 19. Ng3 Nxg3 20. hxg3 fxe4 21. Bc4+
Kh8 22. fxe4 c5 23. Bd5 Bxd5 24. Rxd5 Bf8 25. Ke2 Rac8 26. Rhd1 Rc7 27. Nb6 1-0

[Event "Championnat de France - Open C"]
[Site "Chartres"]
[Date "2005.??.??"]
[Round "1.4"]
[White "Hadjadj, Maurice"]
[Black "Lallement, Jose"]
[Result "1-0"]
[WhiteElo "1700"]
[BlackElo "1460"]
[PlyCount "45"]
[EventDate "2005.??.??"]

1. e4 e6 2. c3 d5 3. e5 f6 4. d4 c5 5. Be2 Nd7 6. Nf3 cxd4 7. cxd4 Bb4+ 8. Nc3
Qc7 9. Bd2 a6 10. O-O b5 11. Nxd5 exd5 12. Bxb4 a5 13. Bd6 Qb7 14. exf6 Ngxf6
15. Ng5 Qb6 16. Bh5+ Nxh5 17. Qxh5+ g6 18. Rae1+ Ne5 19. Rxe5+ Kd7 20. Qg4+
Kxd6 21. Nf7+ Kc7 22. Re7+ Kb8 23. Qf4+ 1-0

[Event "Championnat de France - Open C"]
[Site "Chartres"]
[Date "2005.??.??"]
[Round "1.6"]
[White "Jorda, Thomas"]
[Black "Carrot, Axel"]
[Result "1-0"]
[WhiteElo "1700"]
[BlackElo "1450"]
[PlyCount "27"]
[EventDate "2005.??.??"]

1. e4 e5 2. Nf3 Nc6 3. Bb5 Nge7 4. O-O d6 5. d4 a6 6. Ba4 b5 7. Bb3 Bg4 8. dxe5
dxe5 9. Bxf7+ Kxf7 10. Ng5+ Kg6 11. Qxg4 Qd6 12. Qf3 Qf6 13. Qb3 Nd5 14. Qxd5
1-0

[Event "Championnat de France - Open C"]
[Site "Chartres"]
[Date "2005.??.??"]
[Round "1.7"]
[White "Conchon, Paul"]
[Black "Mopin, Stephane"]
[Result "0-1"]
[WhiteElo "1450"]
[BlackElo "1700"]
[PlyCount "60"]
[EventDate "2005.??.??"]

1. e4 e5 2. f4 Bc5 3. Nf3 d6 4. Bc4 Nf6 5. Ng5 O-O 6. fxe5 dxe5 7. d3 Bg4 8.
Nf3 Nc6 9. Nc3 h6 10. h3 Bxf3 11. Qxf3 Nd4 12. Qd1 a6 13. a3 b5 14. Ba2 Nh7 15.
h4 Qf6 16. h5 Nb3 17. Qg4 Nxa1 18. Rf1 Nxc2+ 19. Ke2 Qd6 20. Nd5 Ng5 21. Bxg5
hxg5 22. Qxg5 Nd4+ 23. Kd2 Qh6 24. Qxh6 gxh6 25. b4 Bd6 26. Nf6+ Kg7 27. Nd7 f5
28. Nxf8 Rxf8 29. Rg1 f4 30. g4 Nf3+ 0-1

[Event "Championnat de France - Open C"]
[Site "Chartres"]
[Date "2005.??.??"]
[Round "1.12"]
[White "Labatut, Tifany"]
[Black "Charpentier, Bruno"]
[Result "0-1"]
[WhiteElo "1660"]
[BlackElo "1440"]
[PlyCount "42"]
[EventDate "2005.??.??"]

1. e4 e5 2. Nf3 Nc6 3. d4 exd4 4. Nxd4 Nge7 5. Nxc6 Nxc6 6. Bc4 Bc5 7. O-O O-O
8. Qf3 d6 9. Qg3 Be6 10. Bh6 Qf6 11. Bxe6 fxe6 12. Bc1 Rf7 13. Nc3 Nd4 14. Bg5
Qg6 15. Rac1 Raf8 16. Be3 Qxg3 17. hxg3 c6 18. Na4 Ne2+ 19. Kh2 Bxe3 20. Rcd1
Bxf2 21. g4 Rf6 0-1

[Event "Championnat de France - Open C"]
[Site "Chartres"]
[Date "2005.??.??"]
[Round "1.14"]
[White "Rigolot, Lucie"]
[Black "Muller, Jean-Pierre"]
[Result "1-0"]
[WhiteElo "1650"]
[BlackElo "1420"]
[PlyCount "49"]
[EventDate "2005.??.??"]

1. e4 e5 2. Nf3 Nc6 3. Bb5 Nf6 4. Nc3 Bd6 5. O-O O-O 6. d4 exd4 7. Nxd4 Nxd4 8.
Qxd4 Be7 9. Re1 d6 10. Bg5 a6 11. Ba4 Be6 12. h3 b5 13. Bb3 Bxb3 14. axb3 Re8
15. Re3 c5 16. Qd3 Nd7 17. Bxe7 Qxe7 18. Nd5 Ne5 19. Nxe7+ Rxe7 20. Qxd6 Ree8
21. Rxa6 f6 22. Rxa8 Rxa8 23. Qxc5 h6 24. f4 Ng6 25. Qd5+ 1-0

[Event "Championnat de France - Vétérans"]
[Site "Chartres"]
[Date "2005.08.17"]
[Round "1.1"]
[White "Lahuppe, Edmond"]
[Black "Goldenberg, Richard"]
[Result "0-1"]
[WhiteElo "1830"]
[BlackElo "2305"]
[PlyCount "44"]
[EventDate "2005.??.??"]

1. Nf3 g6 2. d4 Bg7 3. e4 d6 4. Be2 c5 5. d5 Nf6 6. Nc3 O-O 7. O-O Na6 8. h3
Nc7 9. Bd2 b5 10. Bg5 b4 11. Bxf6 Bxf6 12. Na4 Bd7 13. c3 Qe8 14. b3 Bxa4 15.
c4 Bd7 16. Rb1 a5 17. Bd3 a4 18. Bc2 axb3 19. Bxb3 Bc3 20. Qe2 e5 21. Qe3 f5
22. exf5 Bxf5 0-1

[Event "Championnat de France - Vétérans"]
[Site "Chartres"]
[Date "2005.08.17"]
[Round "1.2"]
[White "Leitner, Walter"]
[Black "Matschek, Robert"]
[Result "1-0"]
[WhiteElo "2097"]
[BlackElo "1830"]
[PlyCount "61"]
[EventDate "2005.??.??"]

1. e4 c5 2. Nf3 e6 3. d4 cxd4 4. Nxd4 a6 5. Nc3 Qc7 6. g3 Nf6 7. Bg2 Nc6 8. Nb3
b5 9. O-O Bb7 10. Bf4 d6 11. a4 b4 12. Nb1 Be7 13. N1d2 O-O 14. a5 Ne5 15. Rc1
Nc4 16. Nxc4 Qxc4 17. Qd3 Rac8 18. Rfe1 e5 19. Bg5 Rfd8 20. Be3 d5 21. Bb6 Re8
22. exd5 Qxd3 23. cxd3 Bd6 24. Rc6 Bxc6 25. dxc6 e4 26. dxe4 Be5 27. f4 Bxb2
28. e5 Rxc6 29. Bxc6 Rc8 30. exf6 Rxc6 31. Re8# 1-0

[Event "Championnat de France - Vétérans"]
[Site "Chartres"]
[Date "2005.08.17"]
[Round "1.3"]
[White "Talamon, Jerome"]
[Black "Ancival, Lucien"]
[Result "1-0"]
[WhiteElo "1823"]
[BlackElo "2068"]
[PlyCount "91"]
[EventDate "2005.??.??"]

1. Nf3 Nf6 2. c4 c5 3. g3 e6 4. Bg2 Nc6 5. d4 cxd4 6. Nxd4 Bb4+ 7. Bd2 Qb6 8.
Nxc6 bxc6 9. O-O Bxd2 10. Qxd2 O-O 11. Nc3 d5 12. b3 Rb8 13. Na4 Qd8 14. Rfd1
Bb7 15. Rac1 Qe7 16. c5 Ba6 17. e3 Rb5 18. Bf1 Ne4 19. Qe1 Rfb8 20. Bxb5 cxb5
21. Qa5 Bc8 22. Nc3 Nxc5 23. Nxb5 Ba6 24. Nd4 Rc8 25. Qxa6 Rf8 26. Qc6 Ne4 27.
Qc7 Qf6 28. Qf4 Qe7 29. Rc7 Qa3 30. Rdc1 Qxa2 31. Rc8 g5 32. Rxf8+ Kxf8 33.
Rc8+ Kg7 34. Qe5+ Kh6 35. Rc2 Qb1+ 36. Kg2 Qe1 37. Re2 Qd1 38. f3 Kg6 39. fxe4
dxe4 40. Qxe4+ Kg7 41. Qe5+ Kg6 42. Rf2 Kh5 43. Rxf7 h6 44. Qxe6 a5 45. Rf6
Qd2+ 46. Kh3 1-0

[Event "Championnat de France - Vétérans"]
[Site "Chartres"]
[Date "2005.08.17"]
[Round "1.4"]
[White "Peyrin, Jean"]
[Black "Demange, Jean"]
[Result "0-1"]
[WhiteElo "2059"]
[BlackElo "1820"]
[PlyCount "111"]
[EventDate "2005.??.??"]

1. d4 e6 2. c4 Nf6 3. Nf3 Bb4+ 4. Bd2 a5 5. g3 O-O 6. Bg2 Re8 7. O-O Nc6 8. Nc3
d6 9. Qc2 e5 10. dxe5 Nxe5 11. Nxe5 dxe5 12. Rad1 Qe7 13. Bg5 Bxc3 14. Qxc3 h6
15. Bd2 c6 16. Qc2 Qc7 17. Bc3 Be6 18. b3 a4 19. Rd2 axb3 20. axb3 Rad8 21.
Rfd1 Rxd2 22. Rxd2 Nd7 23. e4 b5 24. Bf1 Rc8 25. Qd1 Nc5 26. Qc2 Nd7 27. Bb2 b4
28. Rd1 Bg4 29. Be2 Bxe2 30. Qxe2 Nf8 31. Qh5 f6 32. Bc1 Qf7 33. Qe2 Ne6 34.
Be3 c5 35. Qg4 Kh7 36. Rd6 Re8 37. Rd5 Qe7 38. h4 Nd4 39. h5 Rd8 40. Qd1 Ra8
41. Kg2 Rd8 42. Qb1 Ra8 43. f4 Nxb3 44. fxe5 Ra3 45. Bf4 Nd4 46. exf6 gxf6 47.
e5+ f5 48. Rd6 Qb7+ 49. Rd5 b3 50. Kh3 Qg7 51. Rxd4 Qg4+ 52. Kg2 cxd4 53. Qd3
Ra2+ 54. Bd2 Qe4+ 55. Qf3 Rxd2+ 56. Kg1 0-1

[Event "Championnat de France - Vétérans"]
[Site "Chartres"]
[Date "2005.08.17"]
[Round "1.5"]
[White "Hocher, Eugene"]
[Black "Brixhe, Abel"]
[Result "1/2-1/2"]
[WhiteElo "1820"]
[BlackElo "2053"]
[PlyCount "45"]
[EventDate "2005.??.??"]

1. d4 Nf6 2. Nf3 b6 3. g3 Bb7 4. Bg2 e6 5. c4 Be7 6. Nc3 d6 7. O-O O-O 8. Qc2
Nbd7 9. e4 c5 10. d5 e5 11. Bg5 h6 12. Bd2 Nh7 13. Rae1 Bc8 14. b3 Re8 15. Bc1
Ndf8 16. Bb2 Ng6 17. Ne2 Ng5 18. Nxg5 Bxg5 19. Bc1 Bxc1 20. Qxc1 Qg5 21. f4
exf4 22. Nxf4 Nxf4 23. Qxf4 1/2-1/2

[Event "Championnat de France - Accession"]
[Site "Chartres"]
[Date "2005.08.18"]
[Round "2.1"]
[White "Chernuschevich, Alexei"]
[Black "Monroy, Charles"]
[Result "1/2-1/2"]
[WhiteElo "2530"]
[BlackElo "2328"]
[PlyCount "220"]
[EventDate "2005.??.??"]

1. d4 Nf6 2. c4 e6 3. Nc3 Bb4 4. e3 O-O 5. Nge2 d5 6. a3 Be7 7. cxd5 exd5 8. g3
a5 9. Bg2 c6 10. O-O Na6 11. Bd2 Bd6 12. Rc1 Re8 13. f3 c5 14. Nb5 Bf8 15. dxc5
Nxc5 16. Ned4 Bd7 17. b4 axb4 18. axb4 Bxb5 19. Nxb5 Qb6 20. Nd4 Nd3 21. Rb1
Ne5 22. Re1 Nc4 23. Nc2 Ra2 24. Bf1 Rc8 25. Bxc4 Rxc4 26. Nd4 Bd6 27. Ra1 Rxa1
28. Qxa1 h5 29. Qa5 Qxa5 30. bxa5 Bb4 31. Bxb4 Rxb4 32. Rc1 g6 33. Rc8+ Kg7 34.
Rc7 Kf8 35. h4 Ke8 36. Rc8+ Ke7 37. Rb8 Rb1+ 38. Kg2 Nd7 39. a6 Ra1 40. Rxb7
Rxa6 41. g4 hxg4 42. fxg4 Ra2+ 43. Kg3 Ra1 44. h5 Kd6 45. h6 f6 46. Rb2 Ra8 47.
Nf3 Ke6 48. Nh4 Rh8 49. Nxg6 Rxh6 50. Nf4+ Ke5 51. Rb5 Ke4 52. Rxd5 Ne5 53. Rd6
Kxe3 54. Nd5+ Ke2 55. g5 Rh1 56. gxf6 Rf1 57. Re6 Rf5 58. Ne7 Rf3+ 59. Kh4 Kd3
60. Rxe5 Rxf6 61. Kg4 Rf1 62. Ng6 Kd4 63. Re8 Rg1+ 64. Kf5 Rf1+ 65. Nf4 Kc5 66.
Rc8+ Kd4 67. Rd8+ Kc5 68. Rd2 Kc4 69. Ke4 Re1+ 70. Ne2 Rh1 71. Rc2+ Kb5 72.
Nd4+ Kb4 73. Nf5 Rh8 74. Rc7 Rh1 75. Rc8 Rh7 76. Kd3 Rh1 77. Rc4+ Kb5 78. Nd4+
Kb6 79. Ke4 Rh5 80. Rb4+ Kc7 81. Rc4+ Kd7 82. Ra4 Rh4+ 83. Ke5 Rh5+ 84. Nf5 Kc6
85. Rc4+ Kb5 86. Rc8 Kb4 87. Ke4 Rh1 88. Nd6 Rh4+ 89. Kd5 Rh5+ 90. Kd4 Rh4+ 91.
Ne4 Kb5 92. Rc5+ Kb6 93. Re5 Rh1 94. Re6+ Kc7 95. Nc3 Kd7 96. Rg6 Ra1 97. Ke5
Re1+ 98. Kd5 Ke7 99. Ne4 Kf7 100. Rf6+ Kg7 101. Rf2 Ra1 102. Ke6 Ra6+ 103. Nd6
Kg6 104. Rg2+ Kh5 105. Ke5 Ra5+ 106. Kf4 Ra4+ 107. Ne4 Kh6 108. Rg1 Rb4 109.
Ke5 Rb5+ 110. Ke6 Rb6+ 1/2-1/2

[Event "Championnat de France - Accession"]
[Site "Chartres"]
[Date "2005.08.18"]
[Round "2.2"]
[White "Housieaux, David"]
[Black "Le Roux, Jean-Pierre"]
[Result "0-1"]
[WhiteElo "2329"]
[BlackElo "2468"]
[PlyCount "120"]
[EventDate "2005.??.??"]

1. d4 d6 2. Nf3 Bg4 3. Nbd2 Nf6 4. c3 c6 5. e4 Nbd7 6. Be2 e5 7. O-O Be7 8. Re1
Qc7 9. Qc2 O-O 10. Nf1 Rfe8 11. h3 Bh5 12. Ng3 Bg6 13. Nh4 Rad8 14. Nxg6 hxg6
15. f4 Nh7 16. Nf1 c5 17. dxe5 dxe5 18. Ne3 Nb6 19. f5 gxf5 20. Nxf5 Bg5 21. h4
Bxc1 22. Qxc1 g6 23. Nh6+ Kh8 24. Rf1 Rf8 25. Qe3 Qe7 26. Rad1 Rxd1 27. Bxd1
Nc4 28. Qf2 Kg7 29. Ng4 b6 30. Bb3 Nd6 31. Bd5 f5 32. exf5 gxf5 33. Nh2 Nf6 34.
Qg3+ Kh7 35. c4 Nxd5 36. cxd5 Qg7 37. Qf3 Qh6 38. Qg3 Qg7 39. Qh3 e4 40. Rf2
Qd4 41. Nf1 Qxd5 42. Rd2 Qe5 43. Ne3 Rf6 44. Rd5 Qf4 45. b3 Rf7 46. Rd1 Qh6 47.
Rd5 Qg6 48. Qh2 f4 49. Rg5 Qf6 50. Nf1 Qd4+ 51. Kh1 Qf2 52. Qh3 f3 53. Rh5+ Kg8
54. Qg4+ Kf8 55. Rh8+ Ke7 56. Qg5+ Kd7 57. Nd2 fxg2+ 58. Qxg2 Qe1+ 59. Qg1 Qxd2
60. Qg4+ Kc7 0-1

[Event "Championnat de France - Accession"]
[Site "Chartres"]
[Date "2005.08.18"]
[Round "2.3"]
[White "Prie, Eric"]
[Black "Lerch, Patrice"]
[Result "1-0"]
[WhiteElo "2464"]
[BlackElo "2291"]
[PlyCount "77"]
[EventDate "2005.??.??"]

1. d4 Nf6 2. Bg5 e6 3. c3 h6 4. Bh4 c5 5. Nf3 b6 6. Nbd2 Bb7 7. e3 cxd4 8. cxd4
Be7 9. a3 O-O 10. Rc1 d6 11. Bd3 Nd5 12. Bg3 Nd7 13. O-O Rc8 14. Qe2 Nb8 15. h3
Re8 16. e4 Nc7 17. Rfe1 Qd7 18. Rc3 Red8 19. Kh2 Qe8 20. Rec1 Na8 21. Nc4 d5
22. exd5 Bxd5 23. Nce5 Rxc3 24. Rxc3 Rc8 25. Nxf7 Rxc3 26. bxc3 Qxf7 27. Bxb8
Bxa3 28. Bg3 Bxf3 29. gxf3 Nc7 30. Qe4 g5 31. c4 Ne8 32. Qc6 Kf8 33. Kg2 Bc1
34. d5 exd5 35. Bg6 Qe7 36. Bxe8 Qxe8 37. Qxh6+ Kg8 38. cxd5 b5 39. Qc6 1-0

[Event "Championnat de France - Accession"]
[Site "Chartres"]
[Date "2005.08.18"]
[Round "2.4"]
[White "Govciyan, Pavel"]
[Black "Lepelletier, Benoit"]
[Result "1/2-1/2"]
[WhiteElo "2328"]
[BlackElo "2459"]
[PlyCount "79"]
[EventDate "2005.??.??"]

1. d4 e6 2. c4 c5 3. Nf3 Nf6 4. g3 cxd4 5. Nxd4 d5 6. Bg2 e5 7. Nf3 d4 8. O-O
Nc6 9. e3 d3 10. Nc3 Bb4 11. Nxe5 Nxe5 12. Qa4+ Nc6 13. Bxc6+ bxc6 14. Qxb4 Bh3
15. Re1 h5 16. e4 d2 17. Bxd2 Qxd2 18. Rad1 Qh6 19. Nd5 cxd5 20. exd5+ Be6 21.
Qd6 Rd8 22. Qc6+ Kf8 23. dxe6 Re8 24. Qc5+ Kg8 25. exf7+ Kxf7 26. Qxa7+ Kg6 27.
Rxe8 Rxe8 28. Qd4 h4 29. Qd3+ Kf7 30. c5 Qh5 31. b4 hxg3 32. Qb3+ Kg6 33. Qxg3+
Kh6 34. Rd4 Ne4 35. Qf4+ Kh7 36. h3 Re6 37. Rd3 Rg6+ 38. Kh2 Qe2 39. Qf3 Qe1
40. Qh5+ 1/2-1/2